书目信息 |
| 题名: |
地质立体图绘制法
|
|
| 作者: | 扬洪之 著 | |
| 分册: | ||
| 出版信息: |
|
|
| 页数: | 112页 | |
| 开本: | 16开 | |
| 丛书名: | ||
| 单 册: | ||
| 中图分类: | P283.04 | |
| 科图分类: | ||
| 主题词: | 地图学 | |
| 电子资源: | ||
| ISBN: | ||
| 000 | 00482nam0 2200181 45 | |
| 001 | 0006201601 | |
| 005 | 20000620164944.3 | |
| 010 | @d1.00元 | |
| 100 | @a20000620d km y0chiy0120 ea | |
| 101 | 0 | @achi |
| 105 | @a z 000yy | |
| 200 | 1 | @a地质立体图绘制法@ADi Zhi Li Ti Tu Hui Zhi Fa@f扬洪之著@FYang Hong Zhi Zhu |
| 215 | @a112页@d16开 | |
| 606 | 0 | @a地图学 |
| 690 | @aP283.04@v3 | |
| 701 | 0 | @a扬洪之@4著 |
| 801 | @aCN@bPftUser@c20000620 | |
| 905 | @b208710-711@dP283.04@eY966@f2 | |
| 地质立体图绘制法/扬洪之著 |
| 112页;16开 |
| ISBN :1.00元 |
| ● |
| 相关链接 |
|
|
|
正题名:地质立体图绘制法
索取号:P283.04/Y966
 
预约/预借
| 序号 | 登录号 | 条形码 | 馆藏地/架位号 | 状态 | 备注 |
| 1 | 208710 | 202087106 | 自科二线504/504自科库 26排2列4层/ [索取号:P283.04/Y966] | 在馆 | |
| 2 | 208711 | 202087115 | 自科二线504/504自科库 26排2列4层/ [索取号:P283.04/Y966] | 在馆 |